000 00683nam a2200277Ia 4500
005 20260324122046.0
008 008 260324s9999 xx 000 0 eng d
020 _a9780429111020
037 _aEBOOK
040 _aCRL
040 _beng
040 _cCRL
041 _2eng
041 _aeng
084 _qCRL
100 _aH. Magdi Selim
_91158318
245 0 _aCompetitive Sorption and Transport of Heavy Metals in Soils and Geological Media
260 _bTaylor and Francis
260 _c2013
365 _a
365 _b275
856 _uhttp://www.taylorfrancis.com/books/9780429111020
942 _cEBOOK
999 _c1757422
_d1757422